Návrh metodického postupu vytvárania NC programov rotačných súčiastok v prostredí NX

Salvato in:
Dettagli Bibliografici
Autore principale: Kanka, Pavol (Autore)
Altri autori: Košťál, Peter (Relatore della tesi)
Natura: Manoscritto Libro
Lingua:slovacco
Pubblicazione: 2025
Soggetti:
Accesso online:http://is.stuba.sk/zp/portal_zp.pl?podrobnosti=180775
Tags: Aggiungi Tag
Nessun Tag, puoi essere il primo ad aggiungerne!!

MARC

LEADER 00000ntm a22000003a 4500
001 stuzp104108
003 SK-STU
005 20250628211225.8
007 ta
008 150427s2015----xo-----f-mn---000-0-slo-d
040 |a STU  |b slo 
041 0 |a slo 
100 1 |a Kanka, Pavol  |u 063000  |4 aut  |U MTF Materiálovotechnologická fakulta  |T MTF Ústav výrobných technológií  |X 121983  |U M3000  |Y 83  |7 121983 
242 0 1 |a Design of a methodical procedure for creating NC programs of rotary parts in the NX environment  |y eng 
245 1 0 |a Návrh metodického postupu vytvárania NC programov rotačných súčiastok v prostredí NX 
260 |c 2025 
650 4 |a návrh súčiastok  |2 slo 
650 4 |a siemens NX  |2 slo 
650 4 |a metodika práce  |2 slo 
650 4 |a výrobný postup  |2 slo 
650 4 |a výrobné zariadenia  |2 slo 
650 4 |a production process  |2 eng 
650 4 |a component design  |2 eng 
650 4 |a work methodology  |2 eng 
650 4 |a production equipment  |2 eng 
650 4 |a siemens NX  |2 eng 
700 1 |a Košťál, Peter  |u 063800  |k Z1  |4 ths  |U MTF Ústav výrobných technológií  |T MTF Katedra výrobných zariadení a systémov  |X 216  |U M3800  |Y 660  |7 A000000216 
856 4 |u http://is.stuba.sk/zp/portal_zp.pl?podrobnosti=180775 
996 |c M* BP-9945  |l MMSKP  |s P  |a 0  |w stuzp104108_0001